US Presidents who lived the longest after leaving office - Statistics

General Stats
  • This quiz has been taken 526 times
  • The average score is 12 of 16
Answer Stats
Year of death Length President % Correct
2018 25 years, 314 days George H W Bush
98%
Still living 16 years, 0 days George W Bush
98%
2024 43 years, 343 days Jimmy Carter
97%
Still living 24 years, 0 days Bill Clinton
94%
1994 19 years, 256 days Richard Nixon
91%
2006 29 years, 340 days Gerald Ford
85%
1826 25 years, 122 days John Adams
81%
1848 18 years, 356 days John Quincy Adams
81%
1964 31 years, 230 days Herbert Hoover
78%
1972 19 years, 340 days Harry Truman
77%
1826 17 years, 122 days Thomas Jefferson
71%
1930 17 years, 4 days William Taft
60%
1862 21 years, 142 days Martin VanBuren
56%
1836 19 years, 116 days James Madison
55%
1862 16 years, 320 days John Tyler
52%
1874 21 years, 4 days Millard Fillmore
43%
No matching quizzes found
Score Distribution
Percent of People with Each Score
Percentile by Number Answered
Your Score History
You have not taken this quiz